000 00867nam a2200205 a 4500
003 0
005 20250408150219.0
008 970101s19uu xx 00 eng d
050 _aPGS LB 1049.5
_b.Sy983 2004
100 _aSykes, Ronald Edward Victor.
245 _aEffects of electronic gadgets on the study habits of grade six students of Southville International school and Colleges (SY 2003-2004) /
_cRonald Edward Victor Sykes.
260 _aLas PiƱas City, Philippines :
_bSouthville International School and Colleges,
_c2004.
300 _a19 pages :
_billustrations ;
_c28 cm.
504 _aIncludes bibliographical references.
650 _aChildren
_vEffect of technological innovations on.
650 _aEducational technology
_vPsychological aspects.
650 _aStudy habits.
650 _aGrade school children
_vPsychology.
942 _2lcc
_cPASS
999 _c97058
_d97058